[Event "Arctic Chess Challenge"]
[Site "Tromso NOR"]
[Date "2009.08.05"]
[Round "5"]
[White "Westerinen,H"]
[Black "Prakken,G"]
[Result "1/2-1/2"]
[WhiteElo "2362"]
[BlackElo "2168"]

1.e4 e5 2.Nf3 Nc6 3.Bb5 a6 4.Ba4 Nf6 5.O-O b5 6.Bb3 Bb7 7.Re1 Bc5 8.c3 d6
9.d4 Bb6 10.a4 h6 11.axb5 axb5 12.Rxa8 Qxa8 13.Na3 O-O 14.Nxb5 exd4 15.cxd4 Na5
16.Bc2 Bxe4 17.Bxe4 Nxe4 18.Nxc7 Bxc7 19.Qc2 Nxf2 20.Qxf2 Re8 21.Bf4 Rxe1+
22.Qxe1 Qc6 23.Qc3 Qb7 24.Bxd6 Bxd6 25.Qxa5 Qxb2 26.Qd2 Qxd2 27.Nxd2 Kf8
28.Kf2 Ke7 29.h3 Ke6 30.Ke3 f5 31.g4 fxg4  1/2-1/2

[Event "Arctic Chess Challenge"]
[Site "Tromso NOR"]
[Date "2009.08.07"]
[Round "7"]
[White "Westerinen,H"]
[Black "Getz,N"]
[Result "0-1"]
[WhiteElo "2362"]
[BlackElo "2219"]

1.e4 e5 2.Nf3 Nc6 3.Bb5 a6 4.Ba4 Nf6 5.O-O b5 6.Bb3 Bb7 7.d3 Bc5 8.Be3 d6
9.a4 O-O 10.Nc3 Nd4 11.Bxd4 Bxd4 12.axb5 Bxc3 13.bxa6 Bxb2 14.Rb1 Rxa6 15.Rxb2 Rb6
16.Qb1 Nd7 17.Bc4 Kh8 18.Bd5 Bxd5 19.exd5 Qa8 20.Rxb6 Nxb6 21.c4 Qa3 22.Rd1 Ra8
23.h3 h6 24.Qb5 Qa4 25.Qxa4 Rxa4 26.Kf1 g6 27.Nd2 Ra3 28.Ne4 f5 29.Ng3 Kg7
30.Ke2 Na4 31.Rd2 Kf6 32.Rc2 Nc5 33.Rd2 Rc3 34.f3 e4 35.fxe4 fxe4 36.Ke3 Ke5
37.Rf2 Rxd3+ 38.Ke2 Rxg3  0-1

[Event "Arctic Chess Challenge"]
[Site "Tromso NOR"]
[Date "2009.08.07"]
[Round "7"]
[White "Haug,M"]
[Black "Prakken,G"]
[Result "1/2-1/2"]
[WhiteElo "1987"]
[BlackElo "2168"]

1.e4 e5 2.Nf3 Nc6 3.Bb5 a6 4.Ba4 Nf6 5.O-O b5 6.Bb3 Bb7 7.d3 Be7 8.Nc3 O-O
9.Bd2 d6 10.Nd5 Nxd5 11.Bxd5 Qd7 12.a4 Nd8 13.Bxb7 Nxb7 14.axb5 axb5 15.c3 Nc5
16.Qc2 f5 17.Be3 fxe4 18.dxe4 Ne6 19.Rxa8 Rxa8 20.Rd1 Bf6 21.Qb3 h6 22.Qd5 Qe8
23.g3 Kh7 24.Qb3 Kh8 25.Kg2 Ra4 26.Rd5 Ra5 27.Qb4 Ra4 28.Qb3 Ra5 29.Qb4 Ra4
30.Qb3  1/2-1/2

[Event "FSGM August"]
[Site "Budapest HUN"]
[Date "2009.08.12"]
[Round "12"]
[White "Szabo,Krisz1"]
[Black "Zherebukh,Y"]
[Result "1/2-1/2"]
[WhiteElo "2493"]
[BlackElo "2541"]

1.e4 e5 2.Nf3 Nc6 3.Bb5 a6 4.Ba4 Nf6 5.O-O b5 6.Bb3 Bb7 7.d3 Be7 8.Nc3 O-O
9.a3 d6 10.Re1 h6 11.Nd5 Nxd5 12.Bxd5 Bf6 13.c3 Re8 14.a4 Qd7 15.b4 Rec8
16.Qb3 Nd8 17.Bxb7 Nxb7 18.c4 c5  1/2-1/2

[Event "24th ICT Acropolis"]
[Site "Chalkida GRE"]
[Date "2009.08.12"]
[Round "3"]
[White "Peptan,C"]
[Black "Karlovich,A"]
[Result "1-0"]
[WhiteElo "2392"]
[BlackElo "2211"]

1.e4 e5 2.Nf3 Nc6 3.Bb5 a6 4.Ba4 Nf6 5.O-O b5 6.Bb3 Bb7 7.d3 Bc5 8.Be3 d6
9.c3 O-O 10.Nbd2 h6 11.d4 Bb6 12.d5 Na5 13.Bxb6 cxb6 14.a4 bxa4 15.Bxa4 Rc8
16.Qe2 b5 17.Bc2 Nd7 18.Ra2 f5 19.Rfa1 Nc4 20.Nxc4 bxc4 21.exf5 Nb6 22.Be4 Nxd5
23.Qd2 Rc5 24.Rxa6 Kh8 25.Ra7 Bc6 26.g3 Ne7 27.Bxc6 Rxc6 28.Nxe5 dxe5 29.Qxd8 Rxd8
30.Rxe7 Rb6 31.Raa7 Rg8 32.Rac7 Rxb2 33.f6 Rb3 34.f7 Rf8 35.Re8  1-0

[Event "Abu Dhabi Festival Open"]
[Site "Abu Dhabi UAE"]
[Date "2009.08.17"]
[Round "6"]
[White "Ghader Pour,S"]
[Black "Issa,Moha"]
[Result "1-0"]
[WhiteElo "2172"]
[BlackElo "1987"]

1.e4 e5 2.Nf3 Nc6 3.Bb5 a6 4.Ba4 Nf6 5.O-O b5 6.Bb3 Bb7 7.d4 Nxd4 8.Nxd4 exd4
9.e5 Ne4 10.Qf3 d5 11.exd6 Nxd6 12.Bxf7+ Nxf7 13.Qxb7 Be7 14.Qc6+ Kf8 15.a4 bxa4
16.Rxa4 a5 17.Rxd4 Qxd4 18.Qxa8+ Bd8 19.Nc3  1-0

[Event "6th Open"]
[Site "Kalamaria GRE"]
[Date "2009.08.23"]
[Round "2"]
[White "Pavlidis,Ant"]
[Black "Jaracz,P"]
[Result "0-1"]
[WhiteElo "2360"]
[BlackElo "2539"]

1.e4 e5 2.Nf3 Nc6 3.Bb5 a6 4.Ba4 Nf6 5.O-O b5 6.Bb3 Bb7 7.d4 Nxd4 8.Nxd4 exd4
9.e5 Ne4 10.c3 dxc3 11.Nxc3 Nxc3 12.bxc3 Qh4 13.f4 Bc5+ 14.Kh1 d5 15.Qe2 d4
16.cxd4 Bxd4 17.Bb2 Bxb2 18.Qxb2 c5 19.Rac1 Rc8 20.e6 O-O 21.exf7+ Kh8 22.Be6 Rcd8
23.f5 c4 24.f6 gxf6 25.Rc3 Qf4 26.Rcc1 Qg5 27.Qxf6+ Qxf6 28.Rxf6 Rd2 29.Rg1 Rxa2
30.Rf4 Re2 31.Bd7 c3 32.Be8 c2 33.Rg4 Rd2 34.Rg3 b4 35.Ba4 Rxf7 36.Bb3 Rxg2
37.R3xg2 Bxg2+  0-1

[Event "5th Geller Mem Open A"]
[Site "Odessa UKR"]
[Date "2009.08.23"]
[Round "4"]
[White "Bernadskiy,V"]
[Black "Demidiukov,E"]
[Result "0-1"]
[WhiteElo "2330"]
[BlackElo "2208"]

1.e4 e5 2.Nf3 Nc6 3.Bb5 a6 4.Ba4 Nf6 5.O-O b5 6.Bb3 Bb7 7.d4 exd4 8.Ng5 Ne5
9.Qxd4 d6 10.f4 c5 11.Qc3 c4 12.fxe5 dxe5 13.Qxe5+ Be7 14.Bxc4 bxc4 15.Nc3 O-O
16.Kh1 Re8 17.Qf5 h6 18.Nxf7 Kxf7 19.e5 Qb6 20.Qh5+ Kg8 21.exf6 Bxf6 22.Qg6 Qc6
23.Qg4 Re6 24.Rg1 Rd8 25.Bf4 Bd4 26.Rad1 Rg6 27.Qh3 Kh7 28.Be3 Qb6 29.Na4 Qa5
30.Qh4 Bf6 31.Qxc4 Rxd1 32.Rxd1 Rg3 33.Qc5 Rg5 34.Qxa5 Rxa5 35.Nb6 Rb5 36.Nc4 Bxb2
37.h3 Bf6 38.Rd7 Bd5 39.Nd2 Bxa2  0-1

[Event "6th Open"]
[Site "Kalamaria GRE"]
[Date "2009.08.24"]
[Round "4"]
[White "Bromberger,S"]
[Black "Jaracz,P"]
[Result "1-0"]
[WhiteElo "2510"]
[BlackElo "2539"]

1.e4 e5 2.Nf3 Nc6 3.Bb5 a6 4.Ba4 Nf6 5.O-O b5 6.Bb3 Bb7 7.c3 Nxe4 8.d4 exd4
9.Re1 d5 10.Ng5 Qd7 11.Rxe4+ dxe4 12.Bxf7+ Ke7 13.Be6 Qd6 14.Qh5 Nd8 15.cxd4 Qxd4
16.Nc3 g6 17.Qg4 h5 18.Qf4 Qd6 19.Qh4 Ke8 20.Bf4 Qe7 21.Nd5 Bxd5 22.Bxd5 c6
23.Bxe4 Qf6 24.Re1 Be7 25.Be5 Qxg5 26.Qxg5 Bxg5 27.Bxg6+ Kd7 28.Bxh8 Ne6
29.Be5 h4 30.Bf5 Re8 31.f4 Bd8 32.Rd1+ Ke7 33.Rd6 Bb6+ 34.Kf1  1-0

[Event "XIX EYCC Girls U18"]
[Site "Fermo ITA"]
[Date "2009.08.31"]
[Round "1"]
[White "Zvarikova,A"]
[Black "Ozturk,Ku"]
[Result "0-1"]
[WhiteElo "1984"]
[BlackElo "2256"]

1.e4 e5 2.Nf3 Nc6 3.Bb5 a6 4.Ba4 Nf6 5.O-O b5 6.Bb3 Bb7 7.d3 Be7 8.c3 O-O
9.Qe2 d6 10.Rd1 Na5 11.Bc2 c5 12.Nbd2 Re8 13.Nf1 h6 14.Ng3 Bf8 15.d4 cxd4
16.cxd4 Qc7 17.d5 Bc8 18.h3 Bd7 19.Nh4 g6 20.Bd3 Rec8 21.Be3 Qd8 22.Nf3 Nc4
23.Bc1 Na5 24.Bd2 Nb7 25.b4 Nh7 26.Nh2 h5 27.f4 exf4 28.Bxf4 Bg7 29.Rab1 Be5
30.Bxe5 dxe5 31.Rf1 h4 32.Nf5 gxf5 33.exf5 f6 34.Nf3 Nd6 35.Nxh4 Be8 36.Qg4+ Ng5
37.Ng6 e4 38.Be2 Bxg6 39.fxg6 f5 40.Qg3 e3 41.Qxe3 Qf6 42.h4 Nge4 43.h5 Nc3
44.Rbe1 Re8 45.Qd3 Nde4 46.Bf3 Ng3 47.Re6 Rxe6 48.dxe6 Rd8 49.Qe3 Nxf1 50.Kxf1 Ne4  0-1

[Event "XIX EYCC Girls U18"]
[Site "Fermo ITA"]
[Date "2009.09.04"]
[Round "5"]
[White "Agrest,I"]
[Black "Ozturk,Ku"]
[Result "1-0"]
[WhiteElo "2120"]
[BlackElo "2256"]

1.e4 e5 2.Nf3 Nc6 3.Bb5 a6 4.Ba4 Nf6 5.O-O b5 6.Bb3 Bb7 7.c3 Nxe4 8.d4 d5
9.dxe5 Na5 10.Bc2 Be7 11.a4 O-O 12.Nd4 Nc4 13.f3 Nc5 14.f4 Ne4 15.b3 Nb6
16.Qg4 g6 17.f5 h5 18.Qh3 Bg5 19.f6 Qd7 20.e6 fxe6 21.Bxg5 Nxg5 22.Qg3 Ne4
23.Qxg6+ Kh8 24.f7  1-0

[Event "XIX EYCC Boys U18"]
[Site "Fermo ITA"]
[Date "2009.09.06"]
[Round "6"]
[White "De Schampheleire,G"]
[Black "Janev,T"]
[Result "0-1"]
[WhiteElo "2156"]
[BlackElo "2322"]

1.e4 e5 2.Nf3 Nc6 3.Bb5 a6 4.Ba4 Nf6 5.O-O b5 6.Bb3 Bb7 7.Re1 Bc5 8.c3 O-O
9.d4 Bb6 10.a4 d6 11.Bg5 h6 12.axb5 axb5 13.Rxa8 Bxa8 14.Bxf6 Qxf6 15.d5 Ne7
16.Na3 Bb7 17.Nxb5 g5 18.Qe2 Bc8 19.Na3 Ng6 20.g3 Bg4 21.Bd1 Ra8 22.Nc4 Ra1
23.Kg2 Ba7 24.Ne3 Bc8 25.Bc2 Ra5 26.Bd3 h5 27.b4 Ra3 28.Qb2 Bh3+ 29.Kg1 Qxf3
30.Be2 Qxe4 31.Qxa3 Bxe3 32.Bf1 Bxf1 33.Kxf1 Qd3+  0-1

[Event "XingQiu Open"]
[Site "Lishui CHN"]
[Date "2009.09.22"]
[Round "6"]
[White "Wan Yunguo"]
[Black "Wen Yang"]
[Result "1/2-1/2"]
[WhiteElo "2445"]
[BlackElo "2538"]

1.e4 e5 2.Nf3 Nc6 3.Bb5 a6 4.Ba4 Nf6 5.O-O b5 6.Bb3 Bb7 7.d4 Nxd4 8.Bxf7+ Kxf7
9.Nxe5+ Ke6 10.Qxd4 c5 11.Qc3 Nxe4 12.Qe3 Kxe5 13.Nc3 d5 14.Nxe4 dxe4 15.Qg3+ Ke6
16.Qg4+ Kf7 17.Rd1 Bd6 18.Qf5+ Qf6 19.Qd7+ Qe7 20.Rxd6 Rhd8 21.Qxe7+ Kxe7
22.Rxd8 Kxd8 23.Be3 Rc8 24.h4 Kd7 25.a4 b4 26.c4 bxc3 27.bxc3 Bd5 28.Rb1 Bc4
29.Kh2 Kc6 30.Kg3 Bd3 31.Rb2 a5 32.Kf4 Rf8+ 33.Ke5 Re8+ 34.Kf5 Bf1 35.g4 Bc4
36.g5 Ba6 37.h5 Bc8+ 38.Kf4 Ba6 39.Rb1 Bd3 40.Rb2 Bc4  1/2-1/2

[Event "TCh-NED 2009-10"]
[Site "Netherlands NED"]
[Date "2009.09.26"]
[Round "1"]
[White "Van Kampen,R"]
[Black "Van de Oudeweetering,A"]
[Result "1-0"]
[WhiteElo "2447"]
[BlackElo "2337"]

1.e4 e5 2.Nf3 Nc6 3.Bb5 a6 4.Ba4 Nf6 5.O-O b5 6.Bb3 Bb7 7.Re1 Bc5 8.c3 d6
9.d4 Bb6 10.Bg5 h6 11.Bh4 g5 12.Bg3 Qd7 13.a4 O-O-O 14.Na3 h5 15.h4 gxh4
16.Bxh4 Rh6 17.axb5 axb5 18.Ng5 Rg6 19.Qf3 exd4 20.Bxf7 Ne5 21.Qf5 Qxf5 22.exf5 Rg7
23.Be6+ Kb8 24.cxd4 Bxd4 25.Nxb5 Bb6 26.Rad1 Rh8 27.b4 Nh7 28.Rxe5 dxe5 29.Nxh7 Rgxh7
30.f6 Rf8 31.Nc3 Rh6 32.f7 Bd4 33.Be7 Rxe6 34.Bxf8 Rf6 35.Bc5 Rxf7 36.Bxd4 exd4
37.Rxd4 Rg7 38.g3 Re7 39.Kf1 Ka7 40.Nd5 Re5 41.Ne3 Ba6+ 42.Ke1 Kb6 43.Kd2 Kc6
44.f4 Re8 45.Rd5 Rg8 46.Rc5+ Kd7 47.Nf5 Bb7 48.Ke3 Ra8 49.Ra5 Re8+ 50.Re5 Ra8
51.Kd4 Ra1 52.Ng7 Rd1+ 53.Kc3 Rc1+ 54.Kb2 Rg1 55.Nxh5 Bf3 56.Nf6+ Kd6 57.Rg5 Ke6
58.Ne8 c6 59.Nc7+ Kf6 60.Na6 Be4 61.Nc5 Bf5 62.Nb3 Rg2+ 63.Ka3 Be6 64.b5 cxb5
65.Nd4 Ra2+ 66.Kb4 Ra4+ 67.Kc3 b4+ 68.Kd3 Ra3+ 69.Ke4 Bc4 70.Rc5 Bd3+ 71.Kd5 b3
72.Rc6+ Kf7 73.Rb6 Ra5+ 74.Kd6 Bc4 75.Nxb3 Ra3 76.Nc5 Rxg3 77.Rb4 Ba2 78.Ke5 Re3+
79.Ne4 Bb3 80.Kd4  1-0

[Event "18th TCh-CRO"]
[Site "Sibenik CRO"]
[Date "2009.09.26"]
[Round "6"]
[White "Naiditsch,A"]
[Black "Fedorchuk,S"]
[Result "1-0"]
[WhiteElo "2685"]
[BlackElo "2643"]

1.e4 e5 2.Nf3 Nc6 3.Bb5 a6 4.Ba4 Nf6 5.O-O b5 6.Bb3 Bb7 7.d3 Be7 8.Nbd2 O-O
9.Re1 d6 10.a4 Na5 11.Ba2 c5 12.Nf1 b4 13.c3 bxc3 14.bxc3 c4 15.Ng3 cxd3
16.Qxd3 Nd7 17.Be3 g6 18.Rab1 Bc6 19.Bh6 Re8 20.Qd2 Bf8 21.Bxf7+ Kxf7 22.Qa2+ Ke7
23.Ng5 Qc7 24.Qe6+  1-0

[Event "Bundesliga 2009-10"]
[Site "Wattenscheid GER"]
[Date "2009.10.16"]
[Round "7"]
[White "Macieja,B"]
[Black "Hector,J"]
[Result "1/2-1/2"]
[WhiteElo "2618"]
[BlackElo "2568"]

1.e4 e5 2.Nf3 Nc6 3.Bb5 a6 4.Ba4 Nf6 5.O-O b5 6.Bb3 Bb7 7.d3 Bc5 8.Nc3 O-O
9.a4 Na5 10.axb5 Nxb3 11.cxb3 axb5 12.Rxa8 Bxa8 13.Nxe5 d5 14.exd5 b4 15.Ne4 Qxd5
16.Nxf6+ gxf6 17.Nf3 Rd8 18.Re1 Qf5 19.Qe2 Qxd3 20.Qxd3 Rxd3 21.Bh6 Rd8 22.Rc1 Bd6
23.Nd2 Bf8 24.Be3 Bd5 25.f3 c6 26.Nc4 f5 27.Kf2 Bg7 28.Ke2 h5 29.Bc5 Kh7
30.Rc2 Re8+ 31.Kd3 f4 32.Bxb4 Be6 33.Nd2 Rb8 34.Bc3 Bf5+ 35.Ne4 Rxb3 36.Re2 h4
37.h3 Bf8 38.Kd2 Kg6 39.Nf2 Bb4 40.Nd1 Bxc3+ 41.bxc3 Ra3 42.Ke1 Kf6 43.Rb2 Ke5
44.Kd2 Ra1 45.Nf2 Kd5 46.Nd3 Bxd3 47.Kxd3 c5 48.c4+ Ke5 49.Re2+ Kf5 50.Rd2 Rc1
51.Rb2 Rd1+ 52.Kc3 Rc1+ 53.Kd3 Rd1+ 54.Kc2 Rg1 55.Kb3 Rd1 56.Ka4 Ke5 57.Re2+ Kd6
58.Re4 Ra1+ 59.Kb3 Rg1 60.Rxf4 Rxg2 61.Rxh4 Rg3 62.Rh6+ Ke7 63.Ka4 Rxf3 64.Kb5 Rf5
65.h4 Re5 66.Rc6 Rh5 67.Rxc5 Rxh4 68.Rd5 Ke6 69.Rd8 Rh1 70.c5 Rb1+ 71.Ka6 Rc1
72.Kb6 Rb1+ 73.Kc7 f5 74.c6 f4 75.Rf8 Ke5 76.Kd7 Rd1+ 77.Kc8 Rc1 78.c7 Ke4
79.Kd7 f3 80.Rf6 Ke3 81.Re6+ Kd2 82.Rf6 Rxc7+ 83.Kxc7 Ke2 84.Rxf3 Kxf3  1/2-1/2

[Event "17th TCh-Eur"]
[Site "Novi Sad SRB"]
[Date "2009.10.22"]
[Round "1"]
[White "Galic,I2"]
[Black "Bartel,Mat"]
[Result "1/2-1/2"]
[WhiteElo "2378"]
[BlackElo "2609"]

1.e4 e5 2.Nf3 Nc6 3.Bb5 a6 4.Ba4 Nf6 5.O-O b5 6.Bb3 Bb7 7.Re1 Bc5 8.c3 d6
9.d4 Bb6 10.a4 h6 11.h3 O-O 12.dxe5 Nxe5 13.Nxe5 dxe5 14.Nd2 Qe7 15.Qe2 Bc6
16.Bc2 Rfd8 17.Nf1 bxa4 18.Ng3 Bb5 19.Qf3 Qe6 20.Nf5 Kh8 21.Bxa4 Rd3 22.Be3 Rad8
23.Bc2 R3d7 24.Red1 Ne8 25.Rxd7 Rxd7 26.Rd1 Bxe3 27.Nxe3 Kg8 28.Rxd7 Qxd7
29.Qd1 Qxd1+ 30.Bxd1 Nd6 31.f3 c5 32.Kf2 Kf8 33.Be2 Ke7  1/2-1/2

[Event "17th TCh-Eur"]
[Site "Novi Sad SRB"]
[Date "2009.10.24"]
[Round "3"]
[White "Hracek,Z"]
[Black "Lenic,L"]
[Result "1/2-1/2"]
[WhiteElo "2606"]
[BlackElo "2575"]

1.e4 e5 2.Nf3 Nc6 3.Bb5 a6 4.Ba4 Nf6 5.O-O b5 6.Bb3 Bb7 7.d3 Be7 8.Re1 O-O
9.Nbd2 h6 10.a4 Re8 11.c3 Bf8 12.Ba2 b4 13.Nc4 Rb8 14.Bd2 Ba8 15.Qc2 d6 16.Ne3 bxc3
17.bxc3 Na5 18.Rab1 Qd7 19.Nc4 Rxb1 20.Rxb1 Nxc4 21.Bxc4 d5 22.exd5 Bxd5
23.Bxd5  1/2-1/2

[Event "13th OIBM"]
[Site "Bad Wiessee GER"]
[Date "2009.11.05"]
[Round "7"]
[White "Sharma,Di"]
[Black "Keller,M1"]
[Result "1/2-1/2"]
[WhiteElo "2335"]
[BlackElo "2179"]

1.e4 e5 2.Nf3 Nc6 3.Bb5 a6 4.Ba4 Nf6 5.O-O b5 6.Bb3 Bb7 7.c3 Nxe4 8.d4 d5
9.Re1 Be7 10.dxe5 Na5 11.Bc2 O-O 12.Nbd2 Nc4 13.Nf1 Bc5 14.Nd4 Qh4 15.g3 Qh3
16.f3 f6 17.e6 Ng5 18.b3 Nd6 19.Be3 Bxd4 20.cxd4 Nxe6 21.Qd3 Rae8  1/2-1/2

[Event "1st ACP Women World Rapid Cup"]
[Site "Konya TUR"]
[Date "2009.12.01"]
[Round "1"]
[White "Kosintseva,T"]
[Black "Yildiz,B"]
[Result "1-0"]
[WhiteElo "2522"]
[BlackElo "2213"]

1.e4 e5 2.Nf3 Nc6 3.Bb5 a6 4.Ba4 Nf6 5.O-O b5 6.Bb3 Bb7 7.d3 Be7 8.a4 O-O
9.Re1 d6 10.Nbd2 Nd7 11.c3 Nc5 12.axb5 axb5 13.Rxa8 Bxa8 14.Bc2 Ne6 15.Nf1 Ng5
16.Ne3 Nxf3+ 17.Qxf3 Bg5 18.Qg4 g6 19.b4 Bb7 20.Bb3 Bc8 21.Qf3 Kh8 22.Bb2 Be6
23.Nd5 Ne7 24.d4 exd4 25.c4 c5 26.cxb5 Nxd5 27.exd5 Bd7 28.bxc5 dxc5 29.Bc4 Qb6
30.Rb1 Kg8 31.h3 Re8 32.Ba3 Bf5 33.Ra1 Be4 34.Qg4 Bh6 35.Qd7 Rd8 36.Qc6 Qb8
37.Qxc5 Qe5 38.Qe7 Qxe7 39.Bxe7 Rd7 40.Ra8+  1-0

[Event "1st ACP Women World Rapid Cup"]
[Site "Konya TUR"]
[Date "2009.12.01"]
[Round "1"]
[White "Kosintseva,N"]
[Black "Ozturk,Ku"]
[Result "1-0"]
[WhiteElo "2518"]
[BlackElo "2177"]

1.e4 e5 2.Nf3 Nc6 3.Bb5 a6 4.Ba4 Nf6 5.O-O b5 6.Bb3 Bb7 7.d3 Be7 8.a4 O-O
9.Re1 d6 10.Nbd2 h6 11.Nf1 Re8 12.Ne3 Bf8 13.Bd2 Qd7 14.c4 Nd4 15.Nxd4 exd4
16.Nf5 bxc4 17.dxc4 Bxe4 18.Nxd4 c5 19.Ne2 Qb7 20.f3 Rab8 21.Ba2 Bf5 22.Bc3 Nd7
23.Ng3 Rxe1+ 24.Qxe1 Be6 25.a5 Ne5 26.Qe2 Nc6 27.Re1 Nd4 28.Qd3 d5 29.cxd5 Bxd5
30.Bxd5 Qxd5 31.Qxa6 c4 32.Ne4 f5 33.Nd2 Nb5 34.Qe6+ Qxe6 35.Rxe6 Bc5+ 36.Kf1 Nxc3
37.bxc3 Rb2 38.Rc6 Ba7 39.Nxc4 Rf2+ 40.Ke1 Rxg2 41.Rc7 Rg1+ 42.Ke2 Rg2+ 43.Kd3 Bg1
44.a6 Rxh2 45.a7 Bxa7 46.Rxa7 Rf2 47.Ne5 h5 48.Ke3 Rc2 49.c4 h4 50.Kf4 h3
51.Kxf5 g6+ 52.Kf4 Rg2 53.Ra1 Kg7 54.Rh1 h2 55.c5 Rc2 56.c6 Kf6 57.Rxh2 g5+
58.Ke4 Rxh2 59.Ng4+ Ke6 60.Nxh2 Kd6  1-0

[Event "Vasylyshyn Mem"]
[Site "Lviv UKR"]
[Date "2009.12.01"]
[Round "7"]
[White "Fedoseev,Vl3"]
[Black "Zherebukh,Y"]
[Result "0-1"]
[WhiteElo "2353"]
[BlackElo "2527"]

1.e4 e5 2.Nf3 Nc6 3.Bb5 a6 4.Ba4 Nf6 5.O-O b5 6.Bb3 Bb7 7.d3 Be7 8.Nc3 O-O
9.Bd2 d6 10.a4 Na5 11.Ba2 b4 12.Nd5 Nxd5 13.exd5 c5 14.c3 b3 15.Bxb3 Nxb3
16.Qxb3 Rb8 17.Rae1 a5 18.Qa2 Ba6 19.c4 f5 20.Bc3 f4 21.Nd2 f3 22.Nxf3 Rxf3
23.gxf3 Bg5 24.Kg2 Qf6 25.Qb1 Rf8 26.Qd1 Bc8 27.Re4 Bf4 28.Rg1 Bxh2 29.Rh1 Qg5+
30.Kxh2 Rf6 31.Rg4 Bxg4 32.Qd2 Qf5 33.Kg3 Bxf3 34.Rh4  0-1

[Event "1st ACP Women World Rapid Cup"]
[Site "Konya TUR"]
[Date "2009.12.03"]
[Round "10"]
[White "Menzi,N"]
[Black "Yildiz,B"]
[Result "0-1"]
[WhiteElo "1847"]
[BlackElo "2213"]

1.e4 e5 2.Nf3 Nc6 3.Bb5 a6 4.Ba4 Nf6 5.O-O b5 6.Bb3 Bb7 7.c3 Nxe4 8.Re1 Nc5
9.Nxe5 Nxe5 10.Rxe5+ Ne6 11.d4 Bd6 12.Re1 Qh4 13.h3 O-O-O 14.Bc2 h5 15.Nd2 Bxg2
16.Be4 Bxh3 17.a4 Bh2+ 18.Kh1 Bg4 19.Nf3 Qh3 20.axb5 d5 21.Qa4 Bxf3+ 22.Bxf3 Bg3+  0-1

[Event "Commonwealth Open"]
[Site "Singapore SIN"]
[Date "2009.12.10"]
[Round "1"]
[White "Dole,A"]
[Black "Gokhale,C"]
[Result "0-1"]
[WhiteElo "2068"]
[BlackElo "2259"]

1.e4 e5 2.Nf3 Nc6 3.Bb5 a6 4.Ba4 Nf6 5.O-O b5 6.Bb3 Bb7 7.Re1 Bc5 8.c3 d6
9.d4 Bb6 10.a4 h6 11.Na3 O-O 12.Be3 bxa4 13.Bxa4 Ng4 14.Bc1 exd4 15.cxd4 Nxd4
16.Nxd4 Qh4 17.Be3 Qxh2+ 18.Kf1 Bxe4 19.f3 Qh1+ 20.Bg1 Bxd4 21.Qxd4 Bxf3
22.gxf3 Qxf3+ 23.Bf2 c5 24.Qd2 Qh3+ 25.Ke2 Nxf2 26.Kxf2 Qh4+ 27.Kf1 Qxa4
28.Rad1 d5 29.Qxd5 Qf4+ 30.Kg2 Rab8 31.Nc4 Rbd8 32.Nd6 Rb8 33.b3 Qg4+ 34.Kf2 Rb4
35.Re4 Rxe4 36.Nxe4 Re8 37.Ng3 Re6 38.Rd3 Rf6+ 39.Rf3 Rxf3+ 40.Qxf3 Qd4+
41.Qe3 Kf8 42.Qxd4 cxd4 43.Nf5 d3 44.Ke3 g6 45.Nd4 Ke7 46.Kxd3 Kd6 47.b4 f5
48.b5 axb5 49.Nxb5+ Ke5 50.Ke3 g5 51.Nc3 f4+ 52.Kf3 h5 53.Ne2 g4+ 54.Kf2 h4  0-1

[Event "London Classic FIDE Open"]
[Site "London ENG"]
[Date "2009.12.14"]
[Round "8"]
[White "Casiot,D"]
[Black "Valentine,B"]
[Result "1-0"]
[WhiteElo "2143"]
[BlackElo "1978"]

1.e4 e5 2.Nf3 Nc6 3.Bb5 a6 4.Ba4 Nf6 5.O-O b5 6.Bb3 Bb7 7.Qe2 Be7 8.Nc3 O-O
9.d3 d6 10.a3 Nd4 11.Nxd4 exd4 12.Nd1 Nd7 13.f4 Kh8 14.Nf2 Nc5 15.Ba2 Qd7
16.c3 dxc3 17.bxc3 Rae8 18.Bd2 f5 19.Rae1 fxe4 20.dxe4 Bf6 21.Qf3 g6 22.Re3 Bg7
23.Rfe1 Qd8 24.Qg4 Qf6 25.g3 Bc8 26.Qe2 Be6 27.Bxe6 Qxe6 28.Nd3 Nxd3 29.Qxd3 Qf7
30.R3e2 Re7 31.Be3 Rfe8 32.Bd4 Kg8 33.Bxg7 Kxg7 34.Qd4+ Kg8 35.Kf2 Qb3 36.Qd5+ Qxd5
37.exd5 Kf7 38.Rxe7+ Rxe7 39.Rxe7+ Kxe7 40.Ke3 Kd7 41.g4 c5 42.dxc6+ Kxc6
43.Kd4 d5 44.Ke5 Kc5 45.f5 a5 46.f6 d4 47.cxd4+ Kc4 48.f7  1-0

[Event "Tch-SLO League"]
[Site "Rogaska Slatina SLO"]
[Date "2009.12.14"]
[Round "6"]
[White "Guid,M"]
[Black "Podkriznik,G"]
[Result "1/2-1/2"]
[WhiteElo "2302"]
[BlackElo "2372"]

1.e4 e5 2.Nf3 Nc6 3.Bb5 a6 4.Ba4 Nf6 5.O-O b5 6.Bb3 Bb7 7.Re1 Bc5 8.c3 d6
9.d4 Bb6 10.Be3 O-O 11.Nbd2 h6 12.h3 Re8 13.d5 Ne7 14.Bxb6 cxb6 15.Nh4 Ng6
16.Nxg6 fxg6 17.c4 b4 18.Ba4 Rf8 19.Qb3 a5 20.Qg3 Kh7 21.Bd1 Qc7 22.a3 bxa3
23.Rxa3 Nd7 24.Bg4 Nc5 25.Rb1 Na6 26.Qe3 Rf6 27.Rb3 Nb4 28.Rc3 Raf8 29.Rf1 Na6
30.g3 g5 31.Kg2 Nc5 32.Nf3 Bc8 33.Ne1 Bxg4 34.hxg4 Qd7 35.f3 Rc8 36.Nd3 Rff8  1/2-1/2

[Event "Tch-SLO League"]
[Site "Rogaska Slatina SLO"]
[Date "2009.12.15"]
[Round "7"]
[White "Rogic,D"]
[Black "Kryvoruchko,Y"]
[Result "1/2-1/2"]
[WhiteElo "2555"]
[BlackElo "2602"]

1.e4 e5 2.Nf3 Nc6 3.Bb5 a6 4.Ba4 Nf6 5.O-O b5 6.Bb3 Bb7 7.Re1 Bc5 8.c3 d6
9.a4 O-O 10.h3 h6 11.d3 Re8 12.Nbd2 Qd7 13.Nh4 Ne7 14.Nf1 d5 15.Qf3 Qe6 16.Ba2 b4
17.Ng3 b3 18.Bxb3 dxe4 19.Bxe6 exf3 20.Bc4 fxg2 21.Ne4 Nxe4 22.dxe4 a5  1/2-1/2

[Event "IRT 35th Ann ALEX"]
[Site "Rio de Janeiro ARG"]
[Date "2009.12.18"]
[Round "3"]
[White "Dumont,S"]
[Black "Rodi,L"]
[Result "1/2-1/2"]
[WhiteElo "2321"]
[BlackElo "2364"]

1.e4 e5 2.Nf3 Nc6 3.Bb5 a6 4.Ba4 Nf6 5.O-O b5 6.Bb3 Bb7 7.Nc3 d6 8.Re1 Be7
9.a3 O-O 10.d3 Na5 11.Ba2 c5 12.Ne2 Bc8 13.Ng3 Be6 14.Bd2 Nc6 15.c3 Bxa2
16.Rxa2 d5 17.Nf5 Re8 18.Ra1 dxe4 19.dxe4 c4 20.Qe2 Qc7 21.Bg5 Nd7 22.Rad1 Nc5
23.Rd5 Nd3 24.Rd1 f6 25.Be3 Rad8 26.Ne1  1/2-1/2

[Event "9th Amplico Life Rapid"]
[Site "Warsaw POL"]
[Date "2009.12.19"]
[Round "6"]
[White "Macieja,B"]
[Black "Zherebukh,Y"]
[Result "0-1"]
[WhiteElo "2627"]
[BlackElo "2527"]

1.e4 e5 2.Nf3 Nc6 3.Bb5 a6 4.Ba4 Nf6 5.O-O b5 6.Bb3 Bb7 7.Re1 Bc5 8.c3 d6
9.d4 Bb6 10.Be3 O-O 11.Nbd2 exd4 12.cxd4 Nb4 13.d5 c6 14.dxc6 Bxc6 15.Rc1 Bb7
16.Rc3 d5 17.a3 d4 18.Nxd4 Bxd4 19.Bxd4 Qxd4 20.axb4 Rad8 21.Nf3 Qxb4 22.Qc1 Nxe4
23.Qf4 a5 24.Rce3 a4 25.Bc2 f5 26.R3e2 Qd6 27.Qe3 h6 28.Bb1 Kh7 29.Nh4 Rde8
30.f3 Ng3 31.Nxf5 Nxe2+ 32.Kf2 Qxh2 33.Ne7+ g6 34.Bxg6+ Kg7 35.Nf5+ Kxg6
36.Ne7+ Rxe7 37.Qxe7 Qg3+ 38.Kxe2 Qxg2+ 39.Kd1 Bxf3+ 40.Kc1 Qg5+  0-1

[Event "Tata Steel TCh-Asia"]
[Site "Kolkata IND"]
[Date "2009.12.27"]
[Round "6"]
[White "Farid,F"]
[Black "Nguyen Anh Dung"]
[Result "0-1"]
[WhiteElo "2249"]
[BlackElo "2447"]

1.e4 e5 2.Nf3 Nc6 3.Bb5 a6 4.Ba4 Nf6 5.O-O b5 6.Bb3 Bb7 7.Re1 Bc5 8.c3 d6
9.d4 Bb6 10.a4 h6 11.axb5 axb5 12.Rxa8 Qxa8 13.Na3 O-O 14.d5 Na5 15.Ba2 c6
16.b4 Nc4 17.Bxc4 bxc4 18.Nxc4 Bc7 19.Nxd6 Bxd6 20.dxc6 Bxc6 21.Qxd6 Bxe4
22.Nh4 Re8 23.b5 Re6 24.Qd1 Qa5 25.f3 Bh7 26.f4 Be4 27.f5 Re8 28.c4 Qb4 29.Be3 Qxc4
30.b6 Ra8 31.Qc1 Qb3 32.Qc5 Bd5 33.Nf3 Ra2 34.Nd2 Qd3 35.Qb4 Bb7 36.Qe7 Qd5
37.Re2 Ra1+ 38.Nf1 Rxf1+ 39.Kxf1 Qd1+ 40.Kf2 Ne4+ 41.Kf3 Nc3+ 42.Qxb7 Qxe2+
43.Kg3 Qxe3+ 44.Qf3 Ne2+ 45.Kh3 Ng1+  0-1

[Event "15th Open"]
[Site "Bosnjaci CRO"]
[Date "2010.01.07"]
[Round "7"]
[White "Vranjic,M"]
[Black "Ivekovic,Bo2"]
[Result "0-1"]
[WhiteElo "1871"]
[BlackElo "2042"]

1.e4 e5 2.Nf3 Nc6 3.Bb5 a6 4.Ba4 Nf6 5.O-O b5 6.Bb3 Bb7 7.Re1 Bc5 8.c3 d6
9.d4 Bb6 10.Be3 O-O 11.Nbd2 h6 12.h3 Re8 13.d5 Na5 14.Bxb6 cxb6 15.Nf1 Nxb3
16.axb3 Qd7 17.Qd2 Rec8 18.Ng3 a5 19.Nf5 Kh7 20.Qe3 Nxd5 21.exd5 Qxf5 22.Rad1 Rc5
23.c4 Rac8 24.Nd2 bxc4 25.bxc4 Qg6 26.b3 f5 27.Kh2 b5 28.f4 bxc4 29.bxc4 e4
30.g4 fxg4 31.Rg1 h5 32.hxg4 hxg4 33.Kg3 Bxd5 34.Rh1+ Kg8 35.Rh4 Be6 36.Nxe4 Rxc4
37.Rd3 Rxe4  0-1

[Event "TCh-Eur Seniors"]
[Site "Dresden GER"]
[Date "2010.02.13"]
[Round "4"]
[White "Petrushin,A1"]
[Black "Hohler,P"]
[Result "1-0"]
[WhiteElo "2465"]
[BlackElo "2176"]

1.e4 e5 2.Nf3 Nc6 3.Bb5 a6 4.Ba4 Nf6 5.O-O b5 6.Bb3 Bb7 7.c3 h6 8.d4 d6 9.Nbd2 g6
10.Qe2 Bg7 11.Bc2 O-O 12.dxe5 dxe5 13.Nb3 Qe7 14.Be3 Nd7 15.a4 b4 16.a5 bxc3
17.bxc3 Na7 18.Rfd1 Nb5 19.Qd2 Rfd8 20.Bxh6 Bxh6 21.Qxh6 Nxc3 22.Re1 Nb5
23.Ng5 Nf8 24.Re3 f6 25.Nc5 Nd4 26.Bb1 Bd5 27.exd5 Qxc5 28.Bxg6 Rd7 29.Ne4 Qe7
30.Be8 Nh7 31.Bxd7 Qxd7 32.Nxf6+  1-0

[Event "26th Open"]
[Site "Cappelle la Grande FRA"]
[Date "2010.02.15"]
[Round "3"]
[White "Vovk,Y"]
[Black "Zherebukh,Y"]
[Result "1-0"]
[WhiteElo "2546"]
[BlackElo "2531"]

1.e4 e5 2.Nf3 Nc6 3.Bb5 a6 4.Ba4 Nf6 5.O-O b5 6.Bb3 Bb7 7.d3 Be7 8.a4 O-O
9.Re1 d6 10.Nbd2 Nd7 11.axb5 axb5 12.Rxa8 Bxa8 13.Nf1 Nc5 14.Ba2 Ne6 15.Ne3 Ncd4
16.Nxd4 Nxd4 17.c3 Ne6 18.Qg4 Nf4 19.Nf5 Ng6 20.Re3 Re8 21.Rh3 d5 22.Qh5 Nf8
23.Nxg7 Kxg7 24.Bh6+ Kg8 25.Bxf8  1-0